Zberné služby križujú Európu

Zberná služba ako štandardizovaná služba, pri ktorej sa konsolidujú individuálne zásielky rôznych odosielateľov s cieľom dosiahnuť maximálne možné vyťaženie zberného vozidla. Zberné linky s pravidelným cestovným poriadkom. Spoľahlivé a nákladovo efektívne dopravné riešenie.

Guardado en:
Detalles Bibliográficos
Autor principal: Brezovský, Jozef
Formato: Capítulo de libro
Lenguaje:eslovaco
Materias:
Etiquetas: Agregar Etiqueta
Sin Etiquetas, Sea el primero en etiquetar este registro!

MARC

LEADER 00000naa a2200000 4500
001 0236695
005 20171023092344.7
041 0 |a slo 
044 |a CZ 
245 1 0 |a Zberné služby križujú Európu  |c Jozef Brezovský 
520 |a Zberná služba ako štandardizovaná služba, pri ktorej sa konsolidujú individuálne zásielky rôznych odosielateľov s cieľom dosiahnuť maximálne možné vyťaženie zberného vozidla. Zberné linky s pravidelným cestovným poriadkom. Spoľahlivé a nákladovo efektívne dopravné riešenie. 
610 2 0 |a doprava nákladná 
610 2 0 |a doprava cestná nákladná 
610 2 0 |a preprava 
610 2 0 |a logistika 
610 2 0 |a služby 
610 2 0 |a efektívnosť 
100 1 |a Brezovský, Jozef